000 01025nas a2200337 4500
001 BR2010005239
003 BR-BrBNA
005 20231205114331.0
007 ta
008 230509b bl.|||p| |||| 00| 00por d
040 _aBR-BrBNA
_bpor
_cBiblioteca Nacional de Agricultura
041 _a(Pt)
072 _aF04
100 1 _aPassos, A.M.A. dos
100 1 _aRezende, P.M. de
100 1 _aCarvalho, E. de A.
100 1 _aSavelli, R.A.M.
245 1 _aCinetina e nitrato de potássio em características agronômicas de soja
650 _aSOJA
650 _aRENDIMENTO
650 _aFERTILIZANTE
650 _aCITOQUÍMICA
650 _aNITRATO DE POTÁSSIO
650 _aCARACTERÍSTICAS AGRONÔMICAS
650 _aREGULADOR DE CRESCIMENTO
650 _aNUTRIÇÃO VEGETAL
650 _aADUBAÇÃO FOLIAR
773 0 _tPesquisa Agropecuária Brasileira (Brazil)
_xISSN 0100-204X
_g(Jul 2008), v. 43(7) p. 925-928
_wBR2010005239
909 _a202311
_bLúcia
_c55
_dLúcia Elande
942 _2AGRIS
_n0
_cANA
999 _c208278
_d208278